000 01090nam a22003137a 4500
001 7757
003 FISKH
005 20250805085954.0
008 250805b cb ||||| |||| 00| 0 eng d
020 _a9780516279237
040 _aFISKH
_beng
_cFISKH
_dFISKH
050 _aHD6509.C48 E33
082 _a331.88
100 _aEddy, Susan
245 _aCesar Chavez /
_cBy Susan Eddy
260 _aNew York :
_bChildren's Press ,
_c2003.
300 _a31 pages :
_bcolor illustrations ;
_c18 cm .
490 _aRookie Biographies
505 _aN
520 _aA brief biography of Cesar Chavez, the Mexican American union leader who fought to get migrant farm workers better wages.
521 8 _a560
_bLexile
521 8 _aN
_bRaz-Plus
650 _aChavez, Cesar, 1927
_vJuvenile Literature
650 _aLabor leader- United States- Biography
_vJuvenile Literature
650 _aMexicans- Americans-Biography
_vJuvenile Literature
650 _aMexicans- Americans agricultural kabirers- History
_vJuvenile Literature
942 _2ddc
_cBK
_n0
999 _c7757
_d7757